000 00504nam a2200181 i 4500
001 21269
003 ES-MaACL
005 20250815164242.0
007 t|
008 021122s1908 it |||| | ita d
100 1 _aAgresti, A.
_918592
245 1 2 _aI Prerafaellisti
_b: contributo alla storia dell'arte /
_cA. Agresti.
260 _aTorino :
_bLoc Edit Nar,
_c1908.
300 _a369 p. ;
_c27 cm.
650 7 _aPrerrafaelismo
_2embne
_9136762
852 _aES-MaACL
_jF-718
999 _c21269
_d21269